Špedičné služby: široká škála činností

Široká škála činností špedičných služieb. Nový typ ponúkaných špedičných služieb. Výber z piatich základných druhov dopravy. Najvyužívanejší spôsob prepravy - cestná preprava. Zoznam a činnosť špedičných spoločností fungujúcich na Slovensku.

Uložené v:
Podrobná bibliografia
Hlavný autor: Oravec, Jozef
Médium: Kapitola
Jazyk:Slovak
Predmet:
Tagy: Pridať tag
Žiadne tagy, Buďte prvý, kto otaguje tento záznam!

MARC

LEADER 00000naa a2200000 4500
001 0123475
005 20231011072409.7
041 0 |a slo 
044 |a CZ 
245 1 0 |a Špedičné služby: široká škála činností  |c Jozef Oravec 
520 |a Široká škála činností špedičných služieb. Nový typ ponúkaných špedičných služieb. Výber z piatich základných druhov dopravy. Najvyužívanejší spôsob prepravy - cestná preprava. Zoznam a činnosť špedičných spoločností fungujúcich na Slovensku. 
610 2 0 |a preprava 
610 2 0 |a doprava nákladná 
610 2 0 |a doprava cestná 
610 2 0 |a doprava železničná 
610 2 0 |a doprava letecká 
610 2 0 |a doprava lodná 
610 2 0 |a doprava potrubná 
610 2 0 |a firmy 
100 1 |a Oravec, Jozef